Normal view
MARC view
- Titterton, D . H Weston, J . L
Entry Personal Name
001 - CONTROL NUMBER
- control field: 60211
003 - CONTROL NUMBER IDENTIFIER
- control field: NUST
005 - DATE AND TIME OF LATEST TRANSACTION
- control field: 20210628202514.0
008 - FIXED-LENGTH DATA ELEMENTS
- fixed length control field: 210628|| aca||aabn | a|a d
040 ## - CATALOGING SOURCE
- Original cataloging agency: NUST
- Transcribing agency: NUST
100 ## - HEADING--PERSONAL NAME
- Personal name: Titterton, D . H Weston, J . L
670 ## - SOURCE DATA FOUND
- Source citation: Work cat.: (NUST): Titterton, D . H Weston, J . L, Strapdown inertial navigation technology, 2004
